| 000 | 02487nam0a2200421 4500 | ||
|---|---|---|---|
| 001 | RU\NLR\bibl\1318112 | ||
| 005 | 20260407101242.0 | ||
| 010 |
_a5-7691-1980-2 _92500 |
||
| 021 |
_aRU _b2008-92596 _95422 |
||
| 035 | _a(nilc)EL/0000217618 | ||
| 035 | _a(NLR Aleph) 001303480 | ||
| 090 |
_a634150 _c634150 |
||
| 100 | _a20081002d2007 |||y0rusy50 ca | ||
| 101 | 0 | _arus | |
| 102 | _aRU | ||
| 105 | _aa ||||||||| | ||
| 200 | 1 |
_aИстория Удмуртии _eс древнейших времен до XV века _f[Р.Д. Голдина, О.М. Мельникова, Е.М. Черных и др. _gредкол.: М.Г. Иванова и др.] _gРос. акад. наук, Урал. отд-ние, Удмурт. ин-т истории, яз. и лит. |
|
| 210 |
_aИжевск _cУдмуртский институт истории, языка и литературы УрО РАН _d2007 |
||
| 215 |
_a300, [3] с., [14] л. цв. ил. _cил. _d24 |
||
| 300 | _aАвт. указаны на обороте тит.л. | ||
| 300 | _aК 450-летию добровольного вхождения Удмуртии в состав Российского государства | ||
| 320 | _aБиблиогр.: с. 296-299 и в конце гл. | ||
| 607 |
_aУдмуртия _xАрхеологические исследования _92366802 _3RU\NLR\AUTH\661412947 |
||
| 607 |
_aУдмуртия _xИстория _zдо нач. 15 в. _92541693 _3RU\NLR\auth\661504680 |
||
| 686 |
_a63.3(2Рос-6Удм) _vLBC/RL _2rubbk |
||
| 686 | _aТ3(2Р-6У) | ||
| 701 | 1 |
_4070 _8rus _7ca _aГолдина _bР.Д. _f1941- _gРимма Дмитриевна _3RU\NLR\auth\7716869 _9126502 |
|
| 701 | 1 |
_4070 _8rus _7ca _aМельникова _bО. М. _cд-р ист. наук _f1961- _gОльга Михайловна _3RU\NLR\auth\7773688 _956616 |
|
| 701 | 1 |
_aЧерных _bЕ. М. _gЕлизавета Михайловна _4070 |
|
| 702 | 1 |
_4340 _7ca _8rus _aИванова _bМ. Г. _cд-р ист. наук, археология _f1945-2020 _gМаргарита Григорьевна _9124572 _3RU\NLR\AUTH\7714909 |
|
| 712 | 0 | 2 |
_4570 _aУдмуртский институт истории, языка и литературы _cИжевск _3RU\NLR\AUTH\889928438 _9352489 |
| 801 | 0 |
_aRU _bНБР Удмуртия _c20081002 _grcr |
|
| 801 | 1 |
_aRU _bНБР Удмуртия _c20081002 _2rusmarc |
|
| 801 | 2 |
_aRU _bNLR _c20090121 _grcr |
|
| 942 | _cBOOK | ||
| 980 | _aNB | ||